000 00689nam a22002177a 4500
999 _c159397
_d159397
005 20181215153638.0
006 a|||||f|||| 00| 0
007 tc
008 180713b xxu|||||f|||| 00| 0 eng d
010 _aB-406395-B-406397
020 _c05.00
035 _aB-406395
037 _bA.I.C.B.
082 _a485
245 _a English Grammar Translation and Composition
260 _aNew Delhi
_bA.I.C.B.
_cN.D.
270 _aSector-5, Rohini,
_bNew Delhi
_e110085
300 _avarious pages
_c30cm(HB)
942 _2ddc
_cBRLEN
_h485
_mENG